Movies Quiz

Random Movies or Director Quiz

All-Star Casts Quiz Stats

 Plays Quiz Updated Sep 22, 2017

Score 0/75 Timer 13:00
1 Play Today
Movie Actor % Correct
Pulp FictionSamuel L. Jackson
93.7%
The AvengersSamuel L. Jackson
93.7%
Pulp FictionJohn Travolta
92.2%
The DepartedMatt Damon
88.4%
Oceans 11Matt Damon
88.3%
Oceans 11George Clooney
87.2%
The DepartedLeonardo Di Caprio
86.6%
The Dark KnightChristian Bale
85.5%
Pulp FictionBruce Willis
85.3%
Sin CityBruce Willis
85.3%
The Dark KnightHeath Ledger
85%
The AvengersRobert Downey. Jr
83.5%
Pulp FictionQuentin Tarantino
83.3%
Pulp FictionUma Thurman
83.3%
Oceans 11Brad Pitt
81.6%
The DepartedJack Nicholson
78.2%
Oceans 11Julia Roberts
75.5%
The Dark KnightMichael Caine
73.2%
The Dark KnightMorgan Freeman
70.9%
The DepartedMartin Scorsese
69.3%
The AvengersChris Hemsworth
68.7%
The DepartedMark Wahlberg
68.3%
HeatAl Pacino
67.7%
HeatRobert De Niro
67.7%
The AvengersScarlett Johansson
65.6%
The AvengersChris Evans
65.1%
The Dark KnightChristopher Nolan
65.1%
The AvengersGwyneth Paltrow
63.1%
The AvengersMark Ruffalo
62.4%
The Dark KnightGary Oldman
61.8%
Sin CityJessica Alba
61.4%
MagnoliaTom Cruise
60.4%
The Dark KnightMaggie Gyllenhaal
55.8%
The AvengersJeremy Renner
54.4%
Pulp FictionHarvey Keitel
52.2%
The DepartedMartin Sheen
49.4%
CrashSandra Bullock
48.5%
The Dark KnightAaron Eckhart
47.7%
Movie Actor % Correct
Pulp FictionVing Rhames
46.6%
Oceans 11Andy Garcia
45.9%
CrashDon Cheadle
45.5%
Sin CityMickey Rourke
45.1%
CrashMatt Dillon
42.4%
Oceans 11Casey Affleck
41.2%
HeatVal Kilmer
40.7%
The DepartedAlec Baldwin
40.6%
Pulp FictionTim Roth
40.5%
Sin CityFrank Miller and Robert Rodriguez
37.7%
Pulp FictionChristopher Walken
35.8%
Sin CityElijah Wood
35.4%
Oceans 11Steven Soderbergh
33.1%
The AvengersJoss Whedon
32.8%
Oceans 11Elliott Gould
31.3%
HeatMichael Mann
30.9%
MagnoliaPaul Thomas Anderson
30.1%
Sin CityClive Owen
27.4%
CrashThandie Newton
26.9%
MagnoliaPhilip Seymour Hoffman
26.6%
The DepartedVera Farmiga
25.1%
MagnoliaJulianne Moore
24.3%
Sin CityBenicio Del Toro
21%
HeatNatalie Portman
19.4%
CrashTerrence Howard
18.8%
CrashBrendan Fraser
18.1%
MagnoliaJohn C. Reilly
16.4%
Sin CityBrittany Murphy
16.4%
CrashPaul Haggis
16%
CrashRyan Phillippe
15.4%
MagnoliaWilliam H. Macy
14.5%
HeatAshley Judd
14.3%
The DepartedRay Winstone
14.3%
HeatTom Sizemore
13.5%
HeatJon Voight
10.8%
MagnoliaJason Robards
10.6%
Sin CityJosh Hartnett
10.3%

You're not logged in!

Compare scores with friends on all Sporcle quizzes.
OR
Log In

You Might Also Like...

Show Comments

Extras

Top Quizzes Today


Score Distribution

Your Account Isn't Verified!

In order to create a playlist on Sporcle, you need to verify the email address you used during registration. Go to your Sporcle Settings to finish the process.

Report this User

Report this user for behavior that violates our Community Guidelines.

Details: